Catalog

Record Details

Catalog Search



Available copies

  • 2 of 2 copies available at LARL/NWRL Consortium.
  • 2 of 2 copies available at Lake Agassiz Regional Library. (Show preferred library)

Current holds

0 current holds with 2 total copies.

Show Only Available Copies
Location Call Number / Copy Notes Barcode Shelving Location Status Due Date
Ada Public Library SF JOH (Text) 33500014395107 New Available -
Bagley Public Library SF JOH (Text) 33500014395115 New Available -

Record details

  • ISBN: 9780593817889
  • ISBN: 0593817885
  • Physical Description: 528 pages : map ; 22 cm.
  • Publisher: New York, NY : Ace, [2026]

Content descriptions

Summary, etc.:
"Bursting with reawakened magic, a young woman ... Read More
Subject: Magic > Fiction.
Kings and rulers > Fiction.
Imaginary wars and battles > Fiction.
Man-woman relationships > Fiction.
Young women > Fiction.
Magic.
Kings and rulers.
Imaginary wars and battles.
Young women.
Genre: Fiction.
Fantasy fiction.
Romance fiction.
Novels.
LDR 04234cam a2200709 i 4500
001486229
003LARL_NWRL_CONSORTIUM
00520260609181426.0
008250602s2026 nyub e 000 f eng
010 . ‡a 2025013949
040 . ‡aDLC ‡beng ‡erda ‡cDLC ‡dIG# ‡dOCLCO ‡dBDX ‡dYDX ‡dRNL ‡dOCLCO ‡dNYP ‡dOCLCO ‡dBCI ‡dVP@ ‡dYDX
019 . ‡a1541862283
020 . ‡a9780593817889 ‡qhardcover
020 . ‡a0593817885 ‡qhardcover
020 . ‡z9780593817896 ‡qelectronic book
035 . ‡a(OCoLC)1525438145 ‡z(OCoLC)1541862283
042 . ‡apcc
08200. ‡a813/.6 ‡223/eng/20250602
1001 . ‡aJohnson, Julie, ‡d1991- ‡eauthor. ‡4aut ‡4http://id.loc.gov/vocabulary/relators/aut ‡1https://id.oclc.org/worldcat/entity/E39PCjthGcQyCJk9Rcg8BMgPHC ‡1http://id.loc.gov/rwo/agents/no2017002914
24514. ‡aThe sea spinner / ‡cJulie Johnson.
264 1. ‡aNew York, NY : ‡bAce, ‡c[2026]
300 . ‡a528 pages : ‡bmap ; ‡c22 cm.
334 . ‡asingle unit ‡bmono ‡0http://id.loc.gov/vocabulary/issuance/mono
336 . ‡atext ‡btxt ‡2rdacontent ‡0http://id.loc.gov/vocabulary/contentTypes/txt
337 . ‡aunmediated ‡bn ‡2rdamedia ‡0http://id.loc.gov/vocabulary/mediaTypes/n
338 . ‡avolume ‡bnc ‡2rdacarrier ‡0http://id.loc.gov/vocabulary/carriers/nc
4900 . ‡aReign of remnants ; ‡v2
520 . ‡a"Bursting with reawakened magic, a young woman challenges the tides of fate in the highly anticipated installment of Julie Johnson's romantasy series. Something changed for Rhya Fleetwood in the battle of Fyremas. Her untrained power feels both heavy with grief and volatile, crackling with each pulse of her simmering rage. Caeldera lies in ruins. Her friends are dead or wounded. And their newly crowned king is shutting her out. The Remnant of Fire needs all his focus for his kingdom, his people, and-perhaps more than anything-his insatiable need for revenge. When a twist of fate leads Rhya to the last place she expected-the Water Court-the novice wind weaver is forced to confront the limitations of her power as well as her increasingly complicated relationships. For the enigmatic King Soren of Llŷr is as different from Pendefyre as sparks are the sea. The more insight he offers into the maegic that binds them together, the more confused Rhya feels-about her future as a Remnant, about her deepest desires, and about her role in the coming war. Enemies circle close, ready to strike. And if Rhya isn't careful, she'll lose more than just her heart. She'll lose her life."--Publisher description.
650 0. ‡aMagic ‡vFiction. ‡0(LARL_NWRL_CONSORTIUM)165984
650 0. ‡aKings and rulers ‡vFiction. ‡0(LARL_NWRL_CONSORTIUM)165843
650 0. ‡aImaginary wars and battles ‡vFiction. ‡0(LARL_NWRL_CONSORTIUM)165215
650 0. ‡aMan-woman relationships ‡vFiction. ‡0(LARL_NWRL_CONSORTIUM)165985
650 0. ‡aYoung women ‡vFiction. ‡0(LARL_NWRL_CONSORTIUM)168213
650 0. ‡aMagic. ‡0(LARL_NWRL_CONSORTIUM)24943
650 0. ‡aKings and rulers. ‡0(LARL_NWRL_CONSORTIUM)24049
650 0. ‡aImaginary wars and battles. ‡0(LARL_NWRL_CONSORTIUM)22729
650 0. ‡aYoung women. ‡0(LARL_NWRL_CONSORTIUM)35114
655 7. ‡aFiction. ‡2lcgft
655 7. ‡aFantasy fiction. ‡2lcgft
655 7. ‡aRomance fiction. ‡2lcgft
655 7. ‡aNovels. ‡2lcgft
758 . ‡1http://id.loc.gov/resources/instances/24227641
758 . ‡4http://id.loc.gov/ontologies/bibframe/instanceOf ‡1http://id.loc.gov/resources/works/24227641
77608. ‡iOnline version ‡4http://id.loc.gov/entities/relationships/onlineversion ‡aJohnson, Julie, 1991- ‡tSea spinner ‡dNew York : Ace, 2026 ‡z9780593817896 ‡w(DLC) 2025013950
884 . ‡aDLC bibframe2marc v2.10-dev ‡g20250602 ‡qDLC ‡uhttps://github.com/lcnetdev/bibframe2marc/releases/tag/v2.10-dev
901 . ‡a486229 ‡bOCoLC ‡c486229 ‡tbiblio ‡sIngram On-Order

Additional Resources